Attaquants passés par Manchester United - Statistiques

Statistiques générales
  • Ce quiz a été pris 99 fois
  • Le résultat moyen est 7 sur 16
Statistiques - réponses
Par images Réponse % Correct
Zlatan Ibrahimović
95%
Alejandro Garnacho
94%
Anthony Martial
88%
Romelu Lukaku
85%
Rasmus Højlund
81%
Diego Forlan
78%
Javier Hernández
72%
Adnan Januzaj
44%
Odion Ighalo
38%
Henrik Larsson
21%
Federico Macheda
20%
Denis Law
14%
Joe Hugill
6%
Joshua King
2%
Ángelo Henríquez
0%
Manucho Gonçalves
0%
Aucun quiz correspondant
Distribution des résultats
% des personnes avec chaque résultat
Percentile par nombre de réponses
Votre historique - résultats
Vous n’avez pas pris ce quiz